Sobre el dolor /
Ensayo sobre diversas interpretaciones del dolor en la tradición del pensamiento occidental: como ilustración en el caso de Kant, como privilegio del viviente en Hegel, como sinrazón en Schopenhauer y como poder en Nietzsche. Con atención a su fenomenología interna y a sus contextos sociales o antro...
Guardado en:
| Hovedforfatter: | |
|---|---|
| Format: | Bog |
| Sprog: | spansk |
| Udgivet: |
Valencia, España :
Pre-Textos,
1997, c1997
|
| Serier: | (Pre-Textos ; Ensayo)
295. |
| Fag: | |
| Tags: |
Ingen Tags, Vær først til at tagge denne postø!
|
MARC
| LEADER | 00000nam^a2200000^a^4500 | ||
|---|---|---|---|
| 001 | 000139125 | ||
| 005 | 20250521000000.0 | ||
| 009 | 20260310095453.856 | ||
| 020 | |a 84-8191-129-1 | ||
| 037 | |a Acervo ITESO - Biblioteca | ||
| 041 | |a ESP | ||
| 082 | |a 190. |b OCA | ||
| 100 | |a Ocaña, Enrique |e (autor) | ||
| 245 | 1 | 0 | |a Sobre el dolor / |c E. Ocaña. |
| 264 | 4 | |a Valencia, España : |b Pre-Textos, |c 1997, c1997 | |
| 300 | |a 305 p. | ||
| 336 | |a texto |b txt |2 rdacontenido | ||
| 337 | |a sin mediación |b n |2 rdamedio | ||
| 338 | |a volumen |b nc |2 rdasoporte | ||
| 440 | 1 | |a (Pre-Textos ; |v 295. |p Ensayo) | |
| 520 | |a Ensayo sobre diversas interpretaciones del dolor en la tradición del pensamiento occidental: como ilustración en el caso de Kant, como privilegio del viviente en Hegel, como sinrazón en Schopenhauer y como poder en Nietzsche. Con atención a su fenomenología interna y a sus contextos sociales o antropológicos, el autor presenta una historia del dolor moderno occidental y señala su singularidad respecto a culturas antiguas o "primitivas". Aunque sus fuentes son especialmente filosóficas, Enrique Ocaña también recurre a referencias pictóricas y literarias del tema. | ||
| 649 | |a XX | ||
| 650 | |a Filósofos Alemanes | ||
| 650 | |a Dolor - |z Occidente - |x Historia | ||
| 650 | |a Dolor en la Literatura | ||
| 650 | |a Dolor en el Arte | ||
| 650 | |a Alegría | ||
| 650 | |a Poder (Ciencias Sociales) | ||
| 650 | |a Nihilismo | ||
| 650 | |a Romanticismo (Filosofía) | ||
| 650 | |a Criticismo | ||
| 650 | |a Irracionalismo | ||
| 650 | |a Filosofía del Siglo XIX | ||
| 650 | |a Modernidad y Posmodernidad | ||
| 650 | |a Kant, Immanuel | ||
| 650 | |a Schopenhauer, Arthur | ||
| 650 | |a Nietzsche, Friedrich | ||
| 600 | |a Hegel, Friedrich | ||
| 910 | |a Fondo General | ||
| 920 | |a Impresos - Libros | ||
| 930 | |a Colección General | ||
| 905 | |a 101 | ||
| 901 | |a 0500067314 |b IT1 |c ACC |u 20250521 | ||
| 902 | |a https://opac.biblio.iteso.mx/vufind/Record/000139125 | ||